Apani dhun mein (Record no. 360825)

MARC details
000 -LEADER
fixed length control field 00443nam a22001697a 4500
003 - CONTROL NUMBER IDENTIFIER
control field 0
005 - DATE AND TIME OF LATEST TRANSACTION
control field 20260430150254.0
020 ## - INTERNATIONAL STANDARD BOOK NUMBER
ISBN 9789360861674
082 ## - DEWEY DECIMAL CLASSIFICATION NUMBER
Classification number H 920 SIN
100 ## - MAIN ENTRY--AUTHOR NAME
Personal name Singh, Prabhat
245 ## - TITLE STATEMENT
Title Apani dhun mein
260 ## - PUBLICATION, DISTRIBUTION, ETC. (IMPRINT)
Place of publication New Delhi
Name of publisher Rajkamal Prakashan
Year of publication 2025
300 ## - PHYSICAL DESCRIPTION
Number of Pages 326p.
520 ## - SUMMARY, ETC.
Summary, etc apani duniya me, an autobiography by ruskin bond.
650 ## - SUBJECT ADDED ENTRY--TOPICAL TERM
Topical Term Autobiography
-- Ruskin Bond
9 (RLIN) 19027
942 ## - ADDED ENTRY ELEMENTS (KOHA)
Koha item type Books
Holdings
Lost status Home library Current library Date acquired Cost, normal purchase price Full call number Accession Number Koha item type Public Note
  Gandhi Smriti Library Gandhi Smriti Library 2026-04-30 499.00 H 920 SIN 181864 Books 499.00

Powered by Koha